000
00311 a2200133 4500
001
48037
040
_c
Anchieta - Aquarius
100
_a
PatrocĂnio, JosĂ© do
240
1
0
_a
A campanha abolicionista
_l
por
245
1
0
_a
A campanha abolicionista
300
_a
165
650
4
_a
Literatura brasileira
942
_c
BK
999
_c
48037
_d
48037